000 00584nam a2200181Ia 4500
008 151018s9999 xx 000 0 und d
082 _bRBASDV30100
_a891.463
100 _aरमेश पटवर्धन
245 _aजांभूळ पाडा
250 _b1
260 _bसमाधी प्रकाशन नाशिक
_c1998
300 _a132
600 _aरमेश पटवर्धन
630 _aजांभूळ पाडा
700 _aरमेश पटवर्धन
730 _aजांभूळ पाडा
942 _cBOOK
999 _c1029643
_d1029640